| 000 | 00689cam a2200229 4500 | ||
|---|---|---|---|
| 008 | 000000n1999 000 0 eng u | ||
| 020 | _a1860812945 | ||
| 035 | _a(Sirsi) u100230 | ||
| 041 | _aENG | ||
| 050 | _a691 | ||
| 100 | _aHoward, Nigel | ||
| 110 | _aBuilding Research Establishment | ||
| 245 | _aBRE methodology for environmental profiles of construction materials, components and buildings. | ||
| 260 |
_aWatford _bConstruction Research Communications _c1999 |
||
| 300 | _a66p. ; 30CM. | ||
| 350 | _a34.00 | ||
| 650 |
_aEnvironment _96238 |
||
| 650 | _aBUILT ENVIRONMENT-BUILDING MATERIALS | ||
| 650 | _aBUILT ENVIRONMENT | ||
| 690 | _aBUILT ENVIRONMENT | ||
| 942 | _n0 | ||
| 999 |
_c99660 _d99660 |
||